00563 a2200205 4500260001600000630007800016650002800094100002000122700002200142700002300164260001600187245005000203300000900253650004000262260000900302300000900311100000700320037001200327020001800339 aEtats-unies a65 - Gestion et organisation de l'industrie du commerce et des transports a6 - SCIENCES APPLIQUEES aRugman, Alan M. aLecraw, Donald J. aBooth, Laurence D. bMcGraw-hill aInternational business : firm and environment a458p aCommerce international : entreprise c1985 b25cm lEn aDe 8643 a0-07-054274-0